书目信息 |
| 题名: |
胶黏剂
|
|
| 作者: | 杨保宏 , 杜飞 , 李志健 编著 | |
| 分册: | ||
| 出版信息: | 北京 化学工业出版社 2018 |
|
| 页数: | 218页 | |
| 开本: | 24cm | |
| 丛书名: | 新编实用化工产品丛书 | |
| 单 册: | ||
| 中图分类: | TQ430.7 | |
| 科图分类: | ||
| 主题词: | 胶粘剂--jiao zhan ji | |
| 电子资源: | ||
| ISBN: | 978-7-122-31886-2 | |
| 000 | 01172nam 2200313 450 | |
| 001 | 012001002527 | |
| 005 | 20140101144320.0 | |
| 010 | @a978-7-122-31886-2@dCNY48.00 | |
| 099 | @aCAL 012018128299 | |
| 100 | @a20181016d2018 em y0chiy50 ea | |
| 101 | 0 | @achi |
| 102 | @aCN@b110000 | |
| 105 | @aak a 000yy | |
| 106 | @ar | |
| 200 | 1 | @a胶黏剂@Ajiao nian ji@e配方、工艺及设备@f杨保宏, 杜飞, 李志健编著 |
| 210 | @a北京@c化学工业出版社@d2018 | |
| 215 | @a218页@c图@d24cm | |
| 225 | 2 | @a新编实用化工产品丛书@Axin bian shi yong hua gong chan pin cong shu |
| 320 | @a有书目 (第217-218页) | |
| 330 | @a本书分类介绍了胶黏剂的原理、配方、工艺、主要原料和主要设备,重点对纸用胶黏剂、木材胶黏剂、织物皮革胶黏剂、金属胶黏剂、建筑胶黏剂、橡胶塑料用胶黏剂、专用胶黏剂的分类与应用、工艺及配方实例进行了介绍。 | |
| 410 | 0 | @12001 @a新编实用化工产品丛书 |
| 517 | 1 | @a配方、工艺及设备@Apei fang 、 gong yi ji she bei |
| 606 | 0 | @a胶粘剂@Ajiao zhan ji |
| 690 | @aTQ430.7@v5 | |
| 701 | 0 | @a杨保宏@Ayang bao hong@4编著 |
| 701 | 0 | @a杜飞@Adu fei@4编著 |
| 701 | 0 | @a李志健@Ali zhi jian@4编著 |
| 801 | 0 | @aCN@b北京卓展@c20191020 |
| 905 | @b1203758-61@dTQ430.7@e14@f4 | |
| 胶黏剂:配方、工艺及设备/杨保宏, 杜飞, 李志健编著.-北京:化学工业出版社,2018 |
| 218页:图;24cm.-(新编实用化工产品丛书) |
| ISBN 978-7-122-31886-2:CNY48.00 |
| 本书分类介绍了胶黏剂的原理、配方、工艺、主要原料和主要设备,重点对纸用胶黏剂、木材胶黏剂、织物皮革胶黏剂、金属胶黏剂、建筑胶黏剂、橡胶塑料用胶黏剂、专用胶黏剂的分类与应用、工艺及配方实例进行了介绍。 |
| ● |
| 相关链接 |
|
|
|
|
正题名:胶黏剂
索取号:TQ430.7/14
 
预约/预借
| 序号 | 登录号 | 条形码 | 馆藏地/架位号 | 状态 | 备注 |
| 1 | 1203758 | 212037589 | 第二样本阅览室/ [索取号:TQ430.7/14] | 在馆 | |
| 2 | 1203759 | 212037598 | 第三借阅区/ [索取号:TQ430.7/14] | 在馆 | |
| 3 | 1203760 | 212037605 | 第三借阅区/ [索取号:TQ430.7/14] | 在馆 | |
| 4 | 1203761 | 212037614 | 第三借阅区/ [索取号:TQ430.7/14] | 在馆 |